Gaming Quiz

Random Gaming Quiz

Uncharted Chapters Quiz Stats

 Plays Quiz not verified by Sporcle

Challenge
Share
Tweet
Embed
Score 0/22 Timer 06:00
0 Plays Today
Number Chapter % Correct
5The Fortress
70.8%
22Showdown
68.9%
1Ambushed
67.9%
4Plane Wrecked
64.2%
2The Search for El Dorado
62.3%
13Sanctuary?
60.4%
3A Surprising Find
59.4%
12Heading Upriver
58.5%
15On the Trail of the Treasure
56.6%
18The Bunker
54.7%
19Unwelcome Guests
54.7%
Number Chapter % Correct
17The Heart of the Vault
51.9%
11Trapped
50.9%
7Out of the Frying Pan
50%
16The Treasure Vault
50%
14Going Underground
49.1%
21Gold and Bones
49.1%
10The Customs House
47.2%
8The Drowned City
46.2%
20Race to the Rescue
45.3%
6Unlocking the Past
44.3%
9To the Tower
39.6%

You're not logged in!

Compare scores with friends on all Sporcle quizzes.
Join for Free
OR
Log In

You Might Also Like...

Show Comments

Extras

Created Jun 11, 2012ReportNominate
Tags:chapter, drake, fortune, uncharted

Top Quizzes Today


Score Distribution

Your Account Isn't Verified!

In order to create a playlist on Sporcle, you need to verify the email address you used during registration. Go to your Sporcle Settings to finish the process.

Report this User

Report this user for behavior that violates our Community Guidelines.

Details: